000 00411pab a2200157 454500
008 180718b2010 xxu||||| |||| 00| 0 eng d
100 _aDerudder, Ben et al
245 _aPathways of change: Shifting connectivities in the world city network, 2000-08
260 _c2010
300 _ap.1861-1877.
362 _aAug
650 _aNetwork analysis
773 _aUrban Studies
908 _aN
909 _a90909
999 _c90909
_d90909